| LEADER |
00750nam0a2200217 450 |
| 001 |
16846849 |
| 010 |
|
|
|a 979-1-0347-4907-2
|b rel.
|d 12,95
|
| 100 |
|
|
|a 20200914d2026 u u0frey01 ba
|
| 101 |
0 |
|
|a fre
|
| 102 |
|
|
|a BE
|
| 200 |
0 |
|
|a Prisonniers
|f dessin, Brice Cossu
|g scénario, Olivier Bocquet - couleurs, Yoann Guillo
|
| 207 |
|
1 |
|a
|
| 210 |
|
|
|a Paris
|b 57, bd de La Villette
|c Dupuis
|d DL 2020
|
| 215 |
|
|
|a 1 vol. (55 p.)
|c ill. en coul.
|d 30 cm
|
| 225 |
1 |
|
|a Frnck
|v 7
|
| 461 |
|
0 |
|t Frnck
|v 7
|
| 700 |
|
0 |
|a Cossu
|b Brice
|f 1980-....
|4 440
|
| 702 |
|
0 |
|a Bocquet
|b Olivier
|f 1974-....
|4 70
|
| 900 |
|
|
|a Bande Dessinée enfant ado
|
| 901 |
|
|
|a Accessible au prêt
|
| 995 |
|
|
|a Bibliothèque
|c Bibliothèque
|f 024025683
|h 024025683
|k BD COS
|o p
|q j
|r az
|e Bibliothèque
|